Libraries and the culture of knowledge : (Record no. 63432)

MARC details
000 -LEADER
fixed length control field 00496nam a22001457a 4500
005 - DATE AND TIME OF LATEST TRANSACTION
control field 20180823143537.0
020 ## - INTERNATIONAL STANDARD BOOK NUMBER
International Standard Book Number 8173914060
Terms of availability 395.00
035 ## - SYSTEM CONTROL NUMBER
System control number B-058671, B-058673
037 ## - SOURCE OF ACQUISITION
Stock number DPL
Source of stock number/acquisition ENG
100 ## - MAIN ENTRY--PERSONAL NAME
Personal name Chopra, H. S.
245 ## - TITLE STATEMENT
Title Libraries and the culture of knowledge :
Remainder of title An indian retrospective from ancient to modern times /
Statement of responsibility, etc by H. S. Chopra
260 ## - PUBLICATION, DISTRIBUTION, ETC. (IMPRINT)
Place of publication, distribution, etc New Delhi
Name of publisher, distributor, etc Kanishka Publishers, Distributors
Date of publication, distribution, etc 2001
300 ## - PHYSICAL DESCRIPTION
Extent xi, 160p.
Dimensions 20 cms.
942 ## - ADDED ENTRY ELEMENTS (KOHA)
Source of classification or shelving scheme Dewey Decimal Classification
Item type English Books
Classification part 020
Call number suffix LIB
Holdings
Withdrawn status Lost status Not for loan Collection code Home library Current library Date acquired Cost, normal purchase price Full call number Barcode Cost, replacement price Koha item type Source of acquisition
      Non-fiction Sarojini Nagar Sarojini Nagar 25/02/2012 395.00 020 LIB B-058671 395.00 English Books  
      Non-fiction Shahdara Branch Shahdara Branch 23/08/2018 395.00 020 LIB   395.00 English Books BPPD/PUB

© Delhi Public Library
Hit Counter
free hit counter